|
|
|
|
| LEADER |
00000caa a2200000 c 4500 |
| 001 |
1642124710 |
| 003 |
DE-627 |
| 005 |
20220608135430.0 |
| 007 |
tu |
| 008 |
150202s2014 xx ||||| 00| ||eng c |
| 035 |
|
|
|a (DE-627)1642124710
|
| 035 |
|
|
|a (DE-576)425665194
|
| 035 |
|
|
|a (DE-599)BSZ425665194
|
| 040 |
|
|
|a DE-627
|b ger
|c DE-627
|e rakwb
|
| 041 |
|
|
|a eng
|
| 100 |
1 |
|
|a Martinez, Ramiro Jr.
|4 aut
|
| 245 |
1 |
4 |
|a The Reality of the Secure Communities Program
|b Are Our Communities Really Becoming Safer?
|c Ramiro Martinez; Janice Iwama
|
| 264 |
|
1 |
|c 2014
|
| 336 |
|
|
|a Text
|b txt
|2 rdacontent
|
| 337 |
|
|
|a ohne Hilfsmittel zu benutzen
|b n
|2 rdamedia
|
| 338 |
|
|
|a Band
|b nc
|2 rdacarrier
|
| 700 |
1 |
|
|a Iwama, Janice
|4 aut
|
| 773 |
0 |
8 |
|i In
|t Criminology & public policy
|d Hoboken, NJ : Wiley, 2001
|g 13(2014), 2, Seite 339-344
|w (DE-627)340873582
|w (DE-600)2065780-8
|w (DE-576)096705000
|x 1538-6473
|7 nnas
|
| 773 |
1 |
8 |
|g volume:13
|g year:2014
|g number:2
|g pages:339-344
|
| 951 |
|
|
|a AR
|
| ELC |
|
|
|b 1
|
| LOK |
|
|
|0 000 xxxxxcx a22 zn 4500
|
| LOK |
|
|
|0 001 3305816023
|
| LOK |
|
|
|0 003 DE-627
|
| LOK |
|
|
|0 004 1642124710
|
| LOK |
|
|
|0 005 20250206141043
|
| LOK |
|
|
|0 008 150202||||||||||||||||ger|||||||
|
| LOK |
|
|
|0 040
|a DE-21-110
|c DE-627
|d DE-21-110
|
| LOK |
|
|
|0 689
|a s
|a Immigration
|
| LOK |
|
|
|0 689
|a s
|a Kriminalität
|
| LOK |
|
|
|0 689
|a s
|a Policing
|
| LOK |
|
|
|0 689
|a s
|a Kriminalisierung
|
| LOK |
|
|
|0 689
|a s
|a Sicherheitsprogramm
|
| LOK |
|
|
|0 689
|a s
|a Evaluation
|
| LOK |
|
|
|0 689
|a g
|a USA
|
| LOK |
|
|
|0 852
|a DE-21-110
|
| LOK |
|
|
|0 852 1
|m p
|9 00
|
| LOK |
|
|
|0 938
|k p
|
| LOK |
|
|
|0 939
|a 02-02-15
|b l01
|
| ORI |
|
|
|a SA-MARC-krimdoka001.raw
|